00680nam a22002297a 450000500170000001000130001702000220003003500130005203700160006504000120008108200130009324500810010626000510018727000530023830000250029150000510031665000110036765000190037870000180039770000180041570000170043320170124110029.0 aB-017739 c00.00a8176482048 aB-017739 bCen Lib/Ret aDPLbEN a581bGLI aGlimpes in botany /cedited by K.G. Mukerji, B.P. Chamola [and] A.K. Sharma  aNew Delhi bA.P.H. Publishing Coporationc2000 bNew Delhi a5, ansari road, daroya ganj e110002 axxx, 430p.c24cm(Hb) aIncludes bibliographical references and index  aBotany aPlant anatomy  aMukerji, K.G. aChamola, B.P. aSharma, A.K.